000
00355nam a2200157Ia 4500
005
20250425161222.0
008
250425s9999 xx 000 0 und d
041
_a
spa
082
_a
IBM4381
245
0
_a
INGENIERIA DE MOLDES PARA PLASTICOS
250
_a
S.E.
260
_a
S.L.
260
_a
Sin Pais
_b
URMO
_c
1971
942
_c
01
010
_a
15394
999
_c
204798
_d
204798